书目信息 |
| 题名: |
南洋華僑殖民偉人傳
|
|
| 作者: | 胡炳熊, , 姚楠 著 | |
| 分册: | ||
| 出版信息: | 北京 文物出版社 2022.07 |
|
| 页数: | 188页 | |
| 开本: | 24cm | |
| 丛书名: | 海上絲綢之路基本文獻叢書 | |
| 单 册: | ||
| 中图分类: | K828.8=2 , K338.9 | |
| 科图分类: | ||
| 主题词: | 华侨--hua qiao--领袖--生平事迹--中国--古代 , 槟榔屿--bing lang yu--地方志 | |
| 电子资源: | ||
| ISBN: | 978-7-5010-7646-8 | |
| 000 | 01412nam 2200349 450 | |
| 001 | CAL 012022013956 | |
| 005 | 20230217093113.0 | |
| 010 | @a978-7-5010-7646-8@b精装@dCNY90.00 | |
| 100 | @a20220913e2022 em y0chiy0120 ea | |
| 101 | 0 | @achi |
| 102 | @aCN@b110000 | |
| 105 | @ay z 000yd | |
| 106 | @ar | |
| 200 | 1 | @a南洋華僑殖民偉人傳@Anan yang hua qiao zhi min wei ren zhuan@f(清) 胡炳熊著@c檳榔嶼志略@Cbing lang yu zhi lve@f姚枏著 |
| 205 | @a影印本 | |
| 210 | @a北京@c文物出版社@d2022.07 | |
| 215 | @a188页@d24cm | |
| 225 | 2 | @a海上絲綢之路基本文獻叢書@Ahai shang si chou zhi lu ji ben wen xian cong shu |
| 330 | @a本编注重史料的珍稀性, 从《海上丝绸之路历史文化丛书》中遴选出菁华, 拟出版百册单行本。本编所选之文献, 其编纂的年代下限至一九四九年。本编排序无严格定式, 所选之文献篇幅以二百余页为宜, 以便读者阅读使用。本编所选文献, 每种前皆注明版本、著者。本书内容包括:南洋华侨殖民伟人传、槟榔屿志略。 | |
| 410 | 0 | @12001 @a海上絲綢之路基本文獻叢書 |
| 423 | 0 | @12001 @a檳榔嶼志略@1701 0@a姚楠 |
| 518 | 1 | @a南洋华侨殖民伟人传 |
| 518 | 1 | @a槟榔屿志略 |
| 606 | 0 | @a华侨@Ahua qiao@x领袖@x生平事迹@y中国@z古代 |
| 606 | 0 | @a槟榔屿@Abing lang yu@x地方志 |
| 690 | @aK828.8=2@v5 | |
| 690 | @aK338.9@v5 | |
| 701 | 0 | @a胡炳熊,@Ahu bing xiong@f清代@4著 |
| 701 | 0 | @a姚楠@Ayao nan@4著 |
| 730 | 1 | @a姚枏@Ayao nan@4著 |
| 801 | 0 | @aCN@bBJXHZP@c20230222 |
| 905 | @b1394612-5@dK828.8=2@e119@f4 | |
| 南洋華僑殖民偉人傳/(清) 胡炳熊著.檳榔嶼志略/姚枏著.-影印本.-北京:文物出版社,2022.07 |
| 188页;24cm.-(海上絲綢之路基本文獻叢書) |
| ISBN 978-7-5010-7646-8(精装):CNY90.00 |
| 本编注重史料的珍稀性, 从《海上丝绸之路历史文化丛书》中遴选出菁华, 拟出版百册单行本。本编所选之文献, 其编纂的年代下限至一九四九年。本编排序无严格定式, 所选之文献篇幅以二百余页为宜, 以便读者阅读使用。本编所选文献, 每种前皆注明版本、著者。本书内容包括:南洋华侨殖民伟人传、槟榔屿志略。 |
| ● |
| 相关链接 |
|
|
|
|
正题名:南洋華僑殖民偉人傳
索取号:K828.8=2/119
 
预约/预借
| 序号 | 登录号 | 条形码 | 馆藏地/架位号 | 状态 | 备注 |
| 1 | 1394612 | 213946122 | 第二样本阅览室/ [索取号:K828.8=2/119] | 在馆 | |
| 2 | 1394613 | 213946131 | 第二借阅区/ [索取号:K828.8=2/119] | 在馆 | |
| 3 | 1394614 | 213946140 | 第二借阅区/ [索取号:K828.8=2/119] | 在馆 | |
| 4 | 1394615 | 213946159 | 第二借阅区/ [索取号:K828.8=2/119] | 在馆 |